| 000 | 00366nam a2200145Ia 4500 | ||
|---|---|---|---|
| 008 | 150201s1950 xx 000 0 und d | ||
| 082 |
_a617 _bO1950B |
||
| 100 | _aBAIRD,DUGALD | ||
| 245 | _aTEX TBOOK OF OBSTETRICS & GYNOCOLOGY | ||
| 250 | _a5TH | ||
| 260 |
_bCHURCHILL LIVINGSTONE _aEDINBURGH _c1950 |
||
| 300 | _a1-1411 | ||
| 650 | _aGYNAECOLOGY | ||
| 942 |
_2ddc _cBK |
||
| 999 |
_c3304 _d3304 |
||